000 00523nam a2200193Ia 4500
005 20250326140343.0
008 250326s9999 xx 000 0 und d
020 _a1-55753-166-8
037 _aTextbook
040 _aFMSL
_beng
_cFMSL
041 _aeng
_2eng
084 _aX3:9 N9
_qFMSL
100 _aGuirdham M
_9742123
245 0 _aCommunicating across cultures
_cGuirdham M
260 _aUS
_bUS, Ichor Business Books
_c1999
300 _axi,316
942 _cTB
_hX3:9 N9
999 _c1285388
_d1285388